| 000 | 00400nam a2200169Ia 4500 | ||
|---|---|---|---|
| 008 | 221030s9999 xx 000 0 und d | ||
| 020 | _a8188114057 | ||
| 041 | _aEnglish | ||
| 082 | _a105.23 | ||
| 100 | _aG. G. Bhise | ||
| 245 | 0 | _aEngineering Networks Analysis & Filter Design | |
| 260 |
_bUmesh Pub _aDelhi _c2007 |
||
| 300 | _a1072 | ||
| 650 | _aBB EE | ||
| 700 | _aP. R. Chadha | ||
| 942 | _cBK | ||
| 999 |
_c4359 _d4359 |
||